000 00404nam a2200145Ia 4500
008 230917s9999||||xx |||||||||||||| ||und||
040 _e71238
_aMAIN
041 _aEnglish
082 _a973.32 I9D
100 _aIrwin, Ray W
245 4 _aThe diplomatic relations of the United States with the barbary powers 1776-1816
260 _aNew York
_bRussell & Russell
_c1970
300 _a225 p.
942 _cBK
999 _c49980
_d49980